| 000 | 00707cam a2200217 4500 | ||
|---|---|---|---|
| 001 | M100682 | ||
| 008 | 000000n1999 000 0 eng u | ||
| 035 | _a(Sirsi) u100682 | ||
| 050 | _a690.24 | ||
| 110 |
_aInvestment Property Databank _92288 |
||
| 245 | _aIPD Occupiers Property Databank cost saving guide. | ||
| 260 |
_aLondon _bIPD _c1999 |
||
| 300 | _a11p. ; 30cm. | ||
| 350 | _a75.00 | ||
| 520 | _aAims to identify some of the main cost drivers of office estates based on OPD office estates data from 1997 financial year. | ||
| 650 | _aOCCUPANCY COSTS | ||
| 650 | _aOCCUPIERS PROPERTY DATABANK | ||
| 650 | _aCORPORATE PROPERTY | ||
| 690 | _aMANAGEMENT-FACILITIES MANAGEMENT | ||
| 942 | _n0 | ||
| 999 |
_c99755 _d99755 |
||